The exploitation of evolving resources
Guardat en:
| Autors principals: | , , |
|---|---|
| Format: | Llibre |
| Idioma: | anglès |
| Publicat: |
Berlín
Springer-Verlag
1993
|
| Col·lecció: | Lecture notes in biomathematics, 99
|
| Matèries: | |
| Etiquetes: |
Afegir etiqueta
Sense etiquetes, Sigues el primer a etiquetar aquest registre!
|
MARC
| LEADER | 00000nam a2200000 a 4500 | ||
|---|---|---|---|
| 001 | UCY9841 | ||
| 003 | CL-VaPUC | ||
| 008 | 950720e19930000GW |||||||||||||||||eng|d | ||
| 082 | 0 | 4 | |a 333.9164 |b STO |2 21 |
| 100 | 0 | |a Stokes, T. K |e author |9 342393 | |
| 700 | 0 | |a McGlade, J. M |e author |9 342394 | |
| 700 | 0 | |a Law, R |e author |9 342395 | |
| 245 | 1 | 4 | |a The exploitation of evolving resources |
| 300 | |a 264 p | ||
| 942 | |c BK | ||
| 945 | |d 19950720 00:00:00 |a awong | ||
| 260 | |a Berlín |b Springer-Verlag |c 1993 | ||
| 650 | 0 | |a Recursos marinos |9 261196 | |
| 650 | 7 | |a CONSERVACION DE LA PESCA |2 CL-VaPUC |9 342396 | |
| 650 | 7 | |a BIOMATEMATICAS |2 CL-VaPUC |9 260148 | |
| 650 | 0 | |a Matemática aplicada |9 260236 | |
| 650 | 7 | |a CONFERENCIAS |2 CL-VaPUC |9 342397 | |
| 583 | |a last modification |c 19950720 00:00:00 |k Rodrigo Vera | ||
| 490 | 0 | |a Lecture notes in biomathematics, 99 | |
| 999 | |c 236869 |d 236867 | ||
| 952 | |0 0 |1 0 |4 0 |6 333_916400000000000_STO_1993 |7 0 |8 A |9 245233 |a BIBMAT |b BIBMAT |d 2019-11-18 |i 3107329 |o 333.9164 STO 1993 |p 3107329 |r 2025-01-07 |w 2019-11-18 |y BK |k MAT | ||